| 000 | 00000nam 2200000zi 4500 |
| 001 | 9.921022 |
| 003 | CaOODSP |
| 005 | 20230706135808 |
| 006 | m o d f |
| 007 | cr cn||||||||| |
| 008 | 230316t20232023onca ob f000 0 eng d |
| 020 | |a9780660480589 |
| 040 | |aCaOODSP|beng|erda|cCaOODSP |
| 043 | |an-cn--- |
| 086 | 1 |aFs23-704/2023E-PDF |
| 245 | 00|aFramework for identifying, establishing, and managing of ecologically significant areas. |
| 264 | 1|aOttawa (Ontario) : |bFisheries and Oceans Canada = Pêches et océans Canada, |c2023. |
| 264 | 4|c©2023 |
| 300 | |a1 online resource (23 pages) : |billustrations |
| 336 | |atext|btxt|2rdacontent |
| 337 | |acomputer|bc|2rdamedia |
| 338 | |aonline resource|bcr|2rdacarrier |
| 500 | |aIssued also in French under title: Cadre pour l'identification, l'établissement et la gestion des zones d'importance écologique. |
| 504 | |aIncludes bibliographical references. |
| 650 | 0|aMarine ecological regions|zCanada|xManagement. |
| 710 | 1 |aCanada. |bDepartment of Fisheries and Oceans, |eissuing body. |
| 775 | 08|tCadre pour l'identification, l'établissement et la gestion des zones d'importance écologique.|w(CaOODSP)9.921024 |
| 856 | 40|qPDF|s1.48 MB|uhttps://publications.gc.ca/collections/collection_2023/mpo-dfo/Fs23-704-2023-eng.pdf |